000 00779nam a2200205 i 4500
001 118340
003 ES-MaACL
005 20251001141055.0
007 t|
008 070214s1987 sp r ||||1| spa d
100 1 _aPardo de Guevara y Valdés, Eduardo.
_988994
245 1 0 _aManual de heráldica española /
_cEduardo Pardo de Guevara y Valdés ; ilustraciones, Eduardo Pardo de Guevara y Valdés y Jaime Bugallal y Vela ; prólogo, Faustino Menéndez Pidal.
260 _aMadrid :
_bAldaba,
_c1987.
300 _a127 p. :
_bprincipalmente il. ;
_c25 cm.
650 0 4 _aHeráldica-
_zEspaña.
_913317
700 1 _aBugallal y Vela, Jaime.
_932443
700 1 _aMenéndez Pidal, Faustino,
_d1924-
_980311
852 _aES-MaACL
_jG-1538
_bR.114525
999 _c118340
_d118340